[Event "8MCR_4D_1L_3S"]
[Site "?"]
[Date "2008.??.??"]
[Round "?"]
[White "Sykora, Josef"]
[Black "Cerveny, Libor"]
[Result "1/2-1/2"]
[WhiteElo "2352"]
[BlackElo "2043"]
[PlyCount "80"]
[EventDate "2008.??.??"]
[EventType "corr"]

1. c4 c5 2. Nf3 Nf6 3. g3 b6 4. Bg2 Bb7 5. O-O g6 6. Nc3 Bg7 7. d4 cxd4 8. Qxd4
Nc6 9. Qf4 Rc8 10. Rb1 Qc7 11. Qxc7 Rxc7 12. b3 d6 13. Bb2 O-O 14. Rfd1 a6 15.
e4 Re8 16. Rd2 Rcc8 17. Rbd1 Nd7 18. Bh3 Ncb8 19. Nd4 Rcd8 20. f3 Nc5 21. Nd5
Nbd7 22. Nc7 Rf8 23. Ba1 a5 24. Nd5 e6 25. Nc3 f5 26. Ncb5 Ne5 27. f4 Ng4 28.
exf5 exf5 29. Bxg4 fxg4 30. Nc7 Bxd4+ 31. Bxd4 Bf3 32. Bxc5 bxc5 33. Re1 Rd7
34. Ne6 Re8 35. Kf2 Ree7 36. Ng5 Rxe1 37. Kxe1 Bc6 38. Re2 h6 39. Ne4 Bxe4 40.
Rxe4 a4 1/2-1/2

[Event "8MCR_4D_1L_3S"]
[Site "?"]
[Date "2008.??.??"]
[Round "?"]
[White "Sykora, Josef"]
[Black "Ertl, Lubos"]
[Result "1/2-1/2"]
[WhiteElo "2352"]
[BlackElo "1889"]
[PlyCount "80"]
[EventDate "2008.??.??"]
[EventType "corr"]

1. c4 e5 2. g3 Nf6 3. Bg2 Nc6 4. Nc3 Bc5 5. a3 a5 6. e3 O-O 7. Nge2 d6 8. O-O
Re8 9. d3 Bd7 10. h3 Qc8 11. Kh2 h6 12. Rb1 Ne7 13. b4 axb4 14. axb4 Bb6 15. c5
Ba7 16. f4 Ng6 17. d4 e4 18. Ra1 b6 19. f5 Nf8 20. Qc2 Qb7 21. cxd6 cxd6 22. d5
Rac8 23. Qa2 Rc7 24. Bd2 b5 25. Qa6 Qb8 26. Qxd6 Rc4 27. Qxb8 Bxb8 28. Rfb1
N8h7 29. Nd4 Be5 30. Bf1 Rcc8 31. Ncxb5 Nxd5 32. Ra2 Ng5 33. Kg2 Nf3 34. Nxf3
exf3+ 35. Kxf3 Bxf5 36. e4 Bg6 37. Re1 Nf6 38. Bd3 Red8 39. Bf1 Re8 40. Bd3
Red8 1/2-1/2

[Event "8MCR_4D_1L_3S"]
[Site "?"]
[Date "2008.??.??"]
[Round "?"]
[White "Sykora, Josef"]
[Black "Gubas, Jan"]
[Result "1/2-1/2"]
[WhiteElo "2352"]
[BlackElo "2317"]
[PlyCount "99"]
[EventDate "2008.??.??"]
[EventType "corr"]

1. c4 e5 2. Nc3 Nf6 3. Nf3 Nc6 4. g3 Bb4 5. Bg2 O-O 6. O-O Re8 7. d3 h6 8. Bd2
a5 9. a3 Bc5 10. e3 d6 11. Nd5 Bg4 12. Qc2 Be6 13. Nc3 Qd7 14. Rfe1 Rad8 15.
Rac1 Bb6 16. Na4 d5 17. Nxb6 cxb6 18. cxd5 Bxd5 19. e4 Be6 20. Be3 b5 21. Bb6
Rc8 22. Qd2 Bg4 23. Rc2 b4 24. axb4 axb4 25. Ra1 Ra8 26. Rcc1 Rec8 27. Ne1 Rxa1
28. Rxa1 b3 29. Rc1 Be6 30. Nf3 Kh7 31. Kh1 Ra8 32. Bc5 Rb8 33. Kg1 Rd8 34. Ne1
Rc8 35. Be3 Rd8 36. f3 Nd4 37. Qf2 Nc6 38. Bc5 Rc8 39. Ra1 g6 40. Bf1 Nd4 41.
Bxd4 exd4 42. Be2 Qd6 43. Bd1 Rc6 44. Qd2 Ra6 45. Rxa6 bxa6 46. Ng2 Qb6 47. Nf4
Nd7 48. Nxe6 fxe6 49. Qc1 Kg7 50. Qc8 1/2-1/2

[Event "8MCR_4D_1L_3S"]
[Site "?"]
[Date "2008.??.??"]
[Round "?"]
[White "Sykora, Josef"]
[Black "Houdek, Vladimir"]
[Result "1-0"]
[WhiteElo "2352"]
[BlackElo "2139"]
[PlyCount "99"]
[EventDate "2008.??.??"]
[EventType "corr"]

1. c4 e5 2. Nc3 Nf6 3. Nf3 Nc6 4. g3 d5 5. cxd5 Nxd5 6. Bg2 Nb6 7. O-O Be7 8.
a3 O-O 9. b4 Be6 10. Rb1 f6 11. d3 a6 12. Ne4 Ba2 13. Rb2 Bd5 14. Nc5 Rb8 15.
e4 Bf7 16. Bh3 Bxc5 17. bxc5 Nc8 18. Be3 N8a7 19. a4 Bh5 20. Qb3+ Kh8 21. Nh4
a5 22. Nf5 Bf3 23. Bg2 Bxg2 24. Kxg2 Nb4 25. Rd1 g6 26. Nh6 Qe7 27. h4 Nac6 28.
h5 Kg7 29. Ng4 g5 30. h6+ Kh8 31. Rbd2 Nd4 32. Bxd4 exd4 33. Qc4 Qd7 34. Nh2
Rbd8 35. Nf3 Rg8 36. Re1 Rg6 37. e5 g4 38. Nh4 Rg5 39. exf6 Qc6+ 40. Re4 Qxf6
41. Rde2 Rgg8 42. Re6 Qf7 43. R2e5 Nc6 44. Rf5 Qd7 45. Ref6 Qe8 46. Kf1 Rd7 47.
Re6 Re7 48. Rxe7 Qxe7 49. Rf7 Qe5 50. Kg2 1-0

[Event "8MCR_4D_1L_3S"]
[Site "?"]
[Date "2008.??.??"]
[Round "?"]
[White "Sykora, Josef"]
[Black "Hrdy, Roman"]
[Result "1/2-1/2"]
[WhiteElo "2352"]
[BlackElo "2259"]
[PlyCount "90"]
[EventDate "2008.??.??"]
[EventType "corr"]

1. c4 e5 2. Nc3 Nf6 3. Nf3 Nc6 4. g3 d5 5. cxd5 Nxd5 6. Bg2 Nb6 7. O-O Be7 8.
a3 O-O 9. b4 Be6 10. Rb1 f6 11. d3 Nd4 12. Bb2 Nxf3+ 13. Bxf3 c6 14. Bg2 Qd7
15. Ne4 Bd5 16. Qc2 Qe6 17. Ba1 Nd7 18. Rfc1 b6 19. Nd2 Bxg2 20. Kxg2 Rfc8 21.
Qc4 Qd5+ 22. e4 Qxc4 23. Nxc4 b5 24. Ne3 a5 25. d4 Kf7 26. dxe5 Nxe5 27. f4 Nd7
28. Kf3 axb4 29. axb4 Ra4 30. Bc3 c5 31. bxc5 Rxc5 32. Nd5 f5 33. Nxe7 fxe4+
34. Ke3 Rac4 35. Bb2 Rxc1 36. Bxc1 Rc3+ 37. Kxe4 Kxe7 38. Be3 Nf6+ 39. Kd4 Rc2
40. h3 Rh2 41. Rxb5 Rxh3 42. Rb7+ Kf8 43. Bf2 Rh5 44. Be1 Rd5+ 45. Ke3 Rd7
1/2-1/2

[Event "8MCR_4D_1L_3S"]
[Site "?"]
[Date "2008.??.??"]
[Round "?"]
[White "Sykora, Josef"]
[Black "Portych, Vaclav"]
[Result "1/2-1/2"]
[WhiteElo "2352"]
[BlackElo "2187"]
[PlyCount "62"]
[EventDate "2008.??.??"]
[EventType "corr"]

1. c4 e5 2. Nc3 Nf6 3. Nf3 Nc6 4. g3 Bb4 5. Bg2 O-O 6. O-O e4 7. Ng5 Bxc3 8.
bxc3 Re8 9. f3 e3 10. d3 d5 11. Qb3 Na5 12. Qa3 c6 13. cxd5 cxd5 14. f4 Nc6 15.
Bb2 h6 16. Nf3 Bg4 17. Rac1 Qd7 18. Ne5 Nxe5 19. fxe5 Rxe5 20. c4 Rf5 21. Bxf6
gxf6 22. Qb2 Rxf1+ 23. Rxf1 dxc4 24. dxc4 Rf8 25. Bd5 f5 26. Qf6 Kh7 27. Rf4
Qd8 28. Qc3 b5 29. Qxe3 bxc4 30. Bxc4 Bh3 31. Bd3 Qd5 1/2-1/2

[Event "8MCR_4D_1L_3S"]
[Site "?"]
[Date "2008.??.??"]
[Round "?"]
[White "Sykora, Josef"]
[Black "Splichal, Josef"]
[Result "1-0"]
[WhiteElo "2352"]
[BlackElo "2140"]
[PlyCount "105"]
[EventDate "2008.??.??"]
[EventType "corr"]

1. c4 Nf6 2. Nc3 e6 3. e4 d5 4. e5 d4 5. exf6 dxc3 6. bxc3 Qxf6 7. Nf3 e5 8.
Bd3 Na6 9. O-O Bd6 10. Bc2 Bg4 11. d4 Bxf3 12. Qxf3 Qxf3 13. gxf3 exd4 14. Re1+
Kf8 15. cxd4 b6 16. Be4 Re8 17. Be3 h5 18. Bc6 Rd8 19. Bb7 Nb4 20. Be4 h4 21.
Rab1 Be7 22. a3 Na6 23. Bb7 Nb8 24. a4 h3 25. c5 Rh5 26. f4 Rh6 27. Red1 Nc6
28. f5 Rf6 29. Kf1 Na5 30. Be4 bxc5 31. dxc5 Rxd1+ 32. Rxd1 Nc4 33. Bf4 Bxc5
34. Rd8+ Ke7 35. Rd5 Bd6 36. Bg5 Bxh2 37. Rd3 Be5 38. Rxh3 Nd6 39. f3 Kd7 40.
Bxf6 Bxf6 41. Ke2 c5 42. Rh8 c4 43. Bd5 c3 44. Ra8 Nxf5 45. Rxa7+ Kd6 46. Be4
Nd4+ 47. Kd1 Kc5 48. Rb7 Bd8 49. Rxf7 Kb4 50. Rxg7 Kxa4 51. f4 Kb4 52. Rd7 Bf6
53. Rd6 1-0

[Event "8MCR_4D_1L_4S"]
[Site "?"]
[Date "2008.??.??"]
[Round "?"]
[White "Alexa, Jaroslav"]
[Black "Kosek, Lubomir"]
[Result "1-0"]
[WhiteElo "2353"]
[BlackElo "2062"]
[PlyCount "105"]
[EventDate "2008.??.??"]
[EventType "corr"]

1. d4 Nf6 2. c4 g6 3. Nc3 Bg7 4. e4 d6 5. f3 O-O 6. Be3 c6 7. Bd3 a6 8. Nge2
Nbd7 9. O-O b5 10. a3 bxc4 11. Bxc4 d5 12. Ba2 dxe4 13. Nxe4 Nd5 14. Bf2 Qb6
15. N2c3 e6 16. Na4 Qb8 17. Re1 Rd8 18. Bh4 Re8 19. Rc1 Bb7 20. Bg3 Qa7 21. Nd6
Red8 22. Bxd5 exd5 23. Kh1 Bf8 24. Nc5 Nxc5 25. dxc5 Bc8 26. Qa4 Be6 27. Qxc6
Bh6 28. Rcd1 Qd7 29. Qxd7 Rxd7 30. c6 Rda7 31. c7 Rxc7 32. Nf5 Bxf5 33. Bxc7
Be6 34. Be5 a5 35. b4 axb4 36. axb4 Bg7 37. Ra1 Rd8 38. Bxg7 Kxg7 39. b5 Rb8
40. Reb1 Kf6 41. b6 Bc8 42. Kg1 Ke5 43. Kf2 Bb7 44. Ke3 g5 45. Ra7 f5 46. Kd3
Kd6 47. Kd4 h5 48. g3 Kc6 49. Rc1+ Kd6 50. Rc7 Bc8 51. Ra5 Be6 52. Ra6 Bd7 53.
Rc5 1-0

[Event "8MCR_4D_1L_4S"]
[Site "?"]
[Date "2008.??.??"]
[Round "?"]
[White "Alexa, Jaroslav"]
[Black "Krizek, Alex"]
[Result "1-0"]
[WhiteElo "2353"]
[BlackElo "1956"]
[PlyCount "51"]
[EventDate "2008.??.??"]
[EventType "corr"]

1. d4 d5 2. c4 Nf6 3. cxd5 e6 4. dxe6 Bxe6 5. Nf3 Be7 6. Nc3 O-O 7. e4 Re8 8.
Bd3 c6 9. O-O h6 10. Qc2 Nbd7 11. Be3 Nb6 12. Ne2 Ng4 13. Bd2 Nf6 14. Nf4 Bg4
15. Ne5 Bd6 16. h3 Bh5 17. g4 Bxe5 18. dxe5 Nxg4 19. Nxh5 Nxe5 20. Be2 g6 21.
f4 Ned7 22. Ng3 Nf6 23. Bc3 Nbd7 24. Rad1 Qe7 25. Bf3 Rad8 26. Qg2 1-0

[Event "8MCR_4D_1L_4S"]
[Site "?"]
[Date "2008.??.??"]
[Round "?"]
[White "Alexa, Jaroslav"]
[Black "Schoupal, Patrik"]
[Result "0-1"]
[WhiteElo "2353"]
[BlackElo "2000"]
[PlyCount "78"]
[EventDate "2008.??.??"]
[EventType "corr"]

1. d4 d5 2. c4 c6 3. Nf3 Nf6 4. Nc3 e6 5. Bg5 h6 6. Bh4 dxc4 7. e4 g5 8. Bg3 b5
9. Be2 Bb7 10. h4 g4 11. Ne5 h5 12. O-O Nbd7 13. Qc2 Nxe5 14. Bxe5 Bg7 15. Rad1
O-O 16. Bg3 Nd7 17. f3 c5 18. dxc5 Qe7 19. Rf2 Bc6 20. a4 a6 21. axb5 axb5 22.
Bd6 Qxh4 23. g3 Qg5 24. Nd5 exd5 25. exd5 Bb7 26. c6 Bc8 27. cxd7 Bxd7 28. Bxf8
Kxf8 29. fxg4 Re8 30. Rf4 Re3 31. Kf2 Rb3 32. Qe4 Be5 33. Ra1 Bxf4 34. gxf4 Qf6
35. f5 Rxb2 36. Ra8+ Kg7 37. Ke1 Kh7 38. Kf1 Rd2 39. Ra7 Rd4 0-1

[Event "8MCR_4D_1L_4S"]
[Site "?"]
[Date "2008.??.??"]
[Round "?"]
[White "Alexa, Jaroslav"]
[Black "Tomisek, Petr"]
[Result "1/2-1/2"]
[WhiteElo "2353"]
[BlackElo "2186"]
[PlyCount "75"]
[EventDate "2008.??.??"]
[EventType "corr"]

1. d4 Nf6 2. c4 c5 3. d5 b5 4. cxb5 a6 5. bxa6 Bxa6 6. Nc3 d6 7. Nf3 g6 8. g3
Bg7 9. Bg2 Nbd7 10. Rb1 Nb6 11. b3 Ra7 12. O-O Qa8 13. Nh4 O-O 14. Re1 Rb8 15.
Bb2 Nbd7 16. Nf3 Rab7 17. Qc2 Qa7 18. Red1 Rb4 19. Qd2 Ng4 20. h3 Nge5 21. Ne1
R4b7 22. Ba3 Bxe2 23. Bxc5 Nxc5 24. Qxe2 Qa5 25. Rbc1 Rc7 26. Ne4 Nxe4 27. Rxc7
Qxc7 28. Qxe4 Qa5 29. Qc2 Nd7 30. Nd3 Nb6 31. Qc7 Rc8 32. Qxe7 Qxa2 33. b4 Bd4
34. Re1 Qb3 35. Bf1 Qxd5 36. Kh2 Bh8 37. Re3 Qc6 38. b5 1/2-1/2

[Event "8MCR_4D_1L_4S"]
[Site "?"]
[Date "2008.??.??"]
[Round "?"]
[White "Alexa, Jaroslav"]
[Black "Vacek, Frantisek"]
[Result "1-0"]
[WhiteElo "2353"]
[BlackElo "2131"]
[PlyCount "103"]
[EventDate "2008.??.??"]
[EventType "corr"]

1. d4 Nf6 2. c4 e6 3. Nf3 b6 4. g3 Bb7 5. Bg2 Be7 6. Nc3 Ne4 7. Bd2 Bf6 8. O-O
O-O 9. Rc1 d5 10. cxd5 exd5 11. Bf4 Nd7 12. Bxc7 Qe7 13. Bh3 Rfc8 14. Rc2 h6
15. Qb1 Rxc7 16. Nxe4 Rc4 17. Nxf6+ Nxf6 18. b3 Bc8 19. bxc4 Bxh3 20. Rfc1 Bf5
21. Ne5 Bxc2 22. Rxc2 dxc4 23. Rxc4 Rf8 24. Qc2 Qd8 25. e3 Nd5 26. e4 Nf6 27.
d5 Re8 28. f3 Qe7 29. Nc6 Qd7 30. Qd3 a5 31. Qd4 Qh3 32. d6 Qe6 33. Ne7+ Kh8
34. e5 Nd7 35. f4 Rd8 36. Qd5 Qg4 37. Rc2 Nc5 38. Kg2 Rf8 39. Rb2 Ne6 40. Qd2
Nd8 41. Rxb6 Qe6 42. Qxa5 Qc4 43. Rb2 Qe4+ 44. Kh3 Qh1 45. Qd5 Qa1 46. Rg2 Qc1
47. a4 Qf1 48. f5 g5 49. Kg4 Qa1 50. a5 Kh7 51. Kh5 Re8 52. Nc6 1-0

[Event "8MCR_4D_1L_4S"]
[Site "?"]
[Date "2008.??.??"]
[Round "?"]
[White "Alexa, Jaroslav"]
[Black "Zimniok, Lubomir"]
[Result "1-0"]
[WhiteElo "2353"]
[BlackElo "2000"]
[PlyCount "63"]
[EventDate "2008.??.??"]
[EventType "corr"]

1. d4 Nf6 2. c4 d6 3. Nc3 e5 4. Nf3 Nbd7 5. e4 Be7 6. Be2 O-O 7. O-O c6 8. Re1
Qb6 9. Rb1 Re8 10. b4 h6 11. h3 Qc7 12. Be3 exd4 13. Nxd4 Ne5 14. Qd2 Bd7 15.
f4 Ng6 16. Bd3 Nh5 17. g4 Nf6 18. Nf5 Bxf5 19. exf5 Nf8 20. Qg2 N6d7 21. g5
hxg5 22. fxg5 Ne5 23. Be2 Nfd7 24. Qg3 Bf8 25. Bd4 f6 26. Ne4 Be7 27. c5 fxg5
28. cxd6 Bxd6 29. Qxg5 Bf8 30. f6 Re6 31. Qg3 Rc8 32. Qb3 1-0

[Event "8MCR_4D_1L_4S"]
[Site "?"]
[Date "2008.??.??"]
[Round "?"]
[White "Bares, Jiri"]
[Black "Alexa, Jaroslav"]
[Result "0-1"]
[WhiteElo "2259"]
[BlackElo "2353"]
[PlyCount "102"]
[EventDate "2008.??.??"]
[EventType "corr"]

1. d4 Nf6 2. c4 e6 3. Nf3 b6 4. Nc3 Bb7 5. a3 d5 6. cxd5 Nxd5 7. Qc2 Nxc3 8.
bxc3 Nd7 9. e4 c5 10. Bd3 Qc7 11. Qb1 Be7 12. O-O O-O 13. Be3 Rfd8 14. Rd1 Rac8
15. a4 h6 16. Ra2 Nf6 17. Rb2 Bc6 18. Bc2 Qb7 19. Nd2 Ng4 20. Nf3 Nxe3 21. fxe3
Qa6 22. Ra2 Qa5 23. Qb2 cxd4 24. cxd4 Rc7 25. Bd3 Rdc8 26. Rda1 Bb7 27. Qd2
Qxd2 28. Rxd2 Bb4 29. Rdd1 Rc3 30. Kf2 Rb3 31. Ne5 Bd6 32. a5 Bxe5 33. dxe5
Rcc3 34. Bf1 Bxe4 35. Rd8+ Kh7 36. Rd7 bxa5 37. Rxa7 Rb2+ 38. Kg1 Bd3 39. h4
Kg6 40. Kh2 Bxf1 41. Rxf1 Rcc2 42. Rg1 Re2 43. Rxa5 Rxe3 44. Rd1 Ree2 45. Rg1
Rbd2 46. Kh3 Rd5 47. Ra3 Rdxe5 48. Rg3+ Kh7 49. Rb1 Re1 50. Rxe1 Rxe1 51. Ra3
f5 0-1

[Event "8MCR_4D_1L_4S"]
[Site "?"]
[Date "2008.??.??"]
[Round "?"]
[White "Bares, Jiri"]
[Black "Chvojka, Jaroslav"]
[Result "1-0"]
[WhiteElo "2259"]
[BlackElo "2231"]
[PlyCount "106"]
[EventDate "2008.??.??"]
[EventType "corr"]

1. d4 Nf6 2. c4 e6 3. Nc3 Bb4 4. Qc2 O-O 5. a3 Bxc3+ 6. Qxc3 Ne4 7. Qc2 f5 8.
e3 d6 9. Bd3 Qg5 10. Bxe4 fxe4 11. Qxe4 Nc6 12. Bd2 e5 13. Ne2 Qf6 14. f4 Bf5
15. Qd5+ Be6 16. Qb5 exd4 17. Qxb7 Bd7 18. O-O dxe3 19. Bc3 Qe7 20. Rad1 Bg4
21. Rde1 Qd7 22. Qb5 Rf5 23. Qa6 Re8 24. Ng3 e2 25. Rf2 Rff8 26. h3 Re3 27. Kh2
Bf5 28. Rexe2 Rxe2 29. Rxe2 Bd3 30. Re3 Bg6 31. Rf3 h5 32. f5 Bf7 33. f6 g6 34.
b4 Qe8 35. h4 Qd7 36. b5 Ne5 37. Bxe5 dxe5 38. Qxa7 Bxc4 39. Qe3 Qd4 40. Qg5
Kf7 41. Re3 Qf4 42. Re4 Qxg5 43. hxg5 Bxb5 44. Rxe5 Rb8 45. Re7+ Kf8 46. Ne4
Bd3 47. Nc5 Bf5 48. Rxc7 Ra8 49. a4 h4 50. Rh7 Kg8 51. Rxh4 Rc8 52. Nb7 Be6 53.
Rd4 Ba2 1-0

[Event "8MCR_4D_1L_4S"]
[Site "?"]
[Date "2008.??.??"]
[Round "?"]
[White "Bares, Jiri"]
[Black "Ertlova, Natalie"]
[Result "0-1"]
[WhiteElo "2259"]
[BlackElo "1600"]
[PlyCount "98"]
[EventDate "2008.??.??"]
[EventType "corr"]

1. d4 d5 2. c4 c6 3. cxd5 cxd5 4. Nc3 Nc6 5. Nf3 Nf6 6. Bf4 Bf5 7. e3 e6 8. Qb3
Bb4 9. Bb5 O-O 10. Bxc6 Bxc3+ 11. Qxc3 Rc8 12. Ne5 bxc6 13. Qa3 c5 14. dxc5 Ne4
15. Rc1 f6 16. Nf3 e5 17. Bg3 Qd7 18. O-O Qb5 19. b4 Be6 20. Qb3 Rf7 21. a4 Qb8
22. Qa3 a6 23. Qd3 Qxb4 24. Qxa6 Re7 25. c6 Nc3 26. Qd3 Nxa4 27. Nd2 Nb2 28.
Qe2 Nc4 29. Rfd1 Rec7 30. f4 Rxc6 31. fxe5 Nxe5 32. Rxc6 Nxc6 33. Nf3 Qe4 34.
Qd3 Kf7 35. Qxe4 dxe4 36. Nd4 Rd8 37. Kf1 h5 38. Ke1 Bg4 39. Rd2 Nb4 40. h3 Bd7
41. Ke2 Nd3 42. Rc2 Ra8 43. Kd2 Ra1 44. Rc7 Ke8 45. Bd6 g5 46. Rb7 Ra6 47. Bf8
Ne5 48. Rb8+ Kf7 49. Kc3 Ra2 0-1

[Event "8MCR_4D_1L_4S"]
[Site "?"]
[Date "2008.??.??"]
[Round "?"]
[White "Bares, Jiri"]
[Black "Kosek, Lubomir"]
[Result "1-0"]
[WhiteElo "2259"]
[BlackElo "2062"]
[PlyCount "79"]
[EventDate "2008.??.??"]
[EventType "corr"]

1. d4 Nf6 2. c4 g6 3. Nc3 Bg7 4. e4 d6 5. f3 O-O 6. Be3 c6 7. Qd2 a6 8. Bd3 b5
9. Nge2 Nbd7 10. O-O e5 11. d5 bxc4 12. Bxc4 Nb6 13. Bb3 cxd5 14. Nxd5 Nfxd5
15. exd5 a5 16. a4 f5 17. Rac1 Bd7 18. Rc6 Nc8 19. Nc3 f4 20. Bf2 Kh8 21. Nb5
Bf6 22. Rfc1 Bh4 23. Bxh4 Qxh4 24. Rc7 Bxb5 25. axb5 Rg8 26. Qc2 Qd8 27. Qc6
Rb8 28. Qa6 Rf8 29. Qxa5 Kg8 30. R1c6 Ne7 31. b6 Nf5 32. Bc4 Qg5 33. Bf1 Qd8
34. Qb4 Rf7 35. Qa3 Rf8 36. b7 Ne7 37. Qxd6 Nxc6 38. Qxc6 h5 39. Qxg6+ Kh8 40.
Qg7# 1-0

[Event "8MCR_4D_1L_4S"]
[Site "?"]
[Date "2008.??.??"]
[Round "?"]
[White "Bares, Jiri"]
[Black "Kyhos, Alois"]
[Result "1/2-1/2"]
[WhiteElo "2259"]
[BlackElo "2121"]
[PlyCount "76"]
[EventDate "2008.??.??"]
[EventType "corr"]

1. d4 Nf6 2. c4 e6 3. Nf3 b6 4. Nc3 Bb7 5. a3 d5 6. cxd5 Nxd5 7. Qc2 Nxc3 8.
bxc3 Be7 9. e4 Nd7 10. Bd3 c5 11. O-O O-O 12. Qe2 Qc7 13. e5 Rfd8 14. Be3 Rac8
15. Ng5 Nf8 16. Qh5 Bxg5 17. Qxg5 Ng6 18. Rfd1 cxd4 19. cxd4 Qd7 20. Rac1 Re8
21. h4 Ne7 22. h5 h6 23. Qg3 Kh8 24. Qf4 Kg8 25. Bd2 Qd5 26. f3 Nf5 27. Bxf5
exf5 28. Bb4 Qe6 29. Bd6 Bd5 30. Kf2 Rxc1 31. Rxc1 Rc8 32. Bb4 a6 33. Qd2 Rc6
34. Rxc6 Qxc6 35. Qd3 Qc8 36. Bd2 b5 37. Kg3 Kh7 38. Qb1 Be6 1/2-1/2

[Event "8MCR_4D_1L_4S"]
[Site "?"]
[Date "2008.??.??"]
[Round "?"]
[White "Bares, Jiri"]
[Black "Mudra, Oldrich"]
[Result "1/2-1/2"]
[WhiteElo "2259"]
[BlackElo "2116"]
[PlyCount "74"]
[EventDate "2008.??.??"]
[EventType "corr"]

1. d4 Nf6 2. c4 e6 3. Nc3 d5 4. Nf3 c6 5. Bg5 dxc4 6. e4 b5 7. e5 h6 8. Bh4 g5
9. Nxg5 hxg5 10. Bxg5 Be7 11. exf6 Bxf6 12. Bxf6 Qxf6 13. g3 Bb7 14. Bg2 Na6
15. Nxb5 O-O-O 16. Na3 Rxd4 17. Qe2 Nb4 18. O-O Ba6 19. Qe3 Nd5 20. Qe2 Nb4 21.
Qe1 c5 22. Qc3 Qf5 23. Rfc1 Rhd8 24. b3 Rd2 25. Qf3 Qxf3 26. Bxf3 Nd3 27. Nxc4
Rxf2 28. Rf1 Rxf1+ 29. Rxf1 Bxc4 30. bxc4 f5 31. h4 Ne5 32. Bh5 Kd7 33. Rd1+
Ke7 34. Rxd8 Kxd8 35. Be2 Ke7 36. Kf2 Kf6 37. Ke3 Kg6 1/2-1/2

[Event "8MCR_4D_1L_4S"]
[Site "?"]
[Date "2008.??.??"]
[Round "?"]
[White "Bares, Jiri"]
[Black "Sojka, Vaclav"]
[Result "1-0"]
[WhiteElo "2259"]
[BlackElo "2000"]
[PlyCount "127"]
[EventDate "2008.??.??"]
[EventType "corr"]

1. d4 Nf6 2. c4 e6 3. Nf3 d5 4. Nc3 Be7 5. Bg5 O-O 6. e3 Nbd7 7. cxd5 exd5 8.
Bd3 c6 9. Qc2 Re8 10. O-O Nf8 11. h3 g6 12. Rab1 Ne6 13. Bh4 Ng7 14. b4 a6 15.
a4 Bf5 16. b5 axb5 17. axb5 Bxd3 18. Qxd3 Nd7 19. bxc6 bxc6 20. Bg3 Nf5 21. Bf4
Bd6 22. Ne2 Nb6 23. Nd2 Bxf4 24. Nxf4 Nd6 25. Ra1 Qd7 26. Qc3 Ne4 27. Nxe4 dxe4
28. Ne2 Nd5 29. Qc4 Qe6 30. Rxa8 Rxa8 31. Rc1 Rc8 32. Nc3 Rb8 33. Na4 Rb4 34.
Qa6 Qe8 35. Qa7 Qc8 36. Nc5 f5 37. Ra1 Rb5 38. g3 h6 39. Qa2 Kh8 40. Qc2 Qd8
41. Kg2 Qb8 42. Qc1 Qe8 43. h4 Rb8 44. Ra7 Ra8 45. Rxa8 Qxa8 46. Nd7 g5 47.
hxg5 hxg5 48. Qc5 Kg7 49. Ne5 Qa6 50. Qd6 Nxe3+ 51. Kh2 Ng4+ 52. Kg1 Nxe5 53.
dxe5 Qe2 54. Qf6+ Kh7 55. Qxf5+ Kh6 56. Qf6+ Kh5 57. Qf7+ Kh6 58. Qe6+ Kg7 59.
Qf6+ Kh7 60. Qxg5 Qd1+ 61. Kh2 Qf3 62. Qf4 c5 63. Qxf3 exf3 64. Kg1 1-0

[Event "8MCR_4D_1L_4S"]
[Site "?"]
[Date "2008.??.??"]
[Round "?"]
[White "Chvojka, Jaroslav"]
[Black "Alexa, Jaroslav"]
[Result "0-1"]
[WhiteElo "2231"]
[BlackElo "2353"]
[PlyCount "101"]
[EventDate "2008.??.??"]
[EventType "corr"]

1. d4 d5 2. c4 c6 3. Nc3 Nf6 4. Nf3 dxc4 5. e4 b5 6. Be2 e6 7. O-O Bb7 8. a4 a6
9. b3 cxb3 10. Qxb3 b4 11. e5 Nd5 12. Bg5 Be7 13. Ne4 O-O 14. a5 Bxg5 15. Nexg5
c5 16. Qc2 g6 17. Qxc5 Qc8 18. Ne4 Nf4 19. Nf6+ Kg7 20. Bd1 Qxc5 21. dxc5 Nc6
22. Bc2 Ne2+ 23. Kh1 Rfd8 24. Rfe1 Nc3 25. Ne4 Rd5 26. Rec1 Rad8 27. Nd6 Ba8
28. Ne4 Nxe5 29. Nxc3 bxc3 30. Bb3 Nxf3 31. Bxd5 exd5 32. Rxc3 Nd2 33. h4 d4
34. Rc2 Ne4 35. f3 d3 36. Rc4 d2 37. fxe4 d1=Q+ 38. Rxd1 Rxd1+ 39. Kh2 Bc6 40.
Kg3 Ra1 41. Kf4 f6 42. Rb4 Rxa5 43. Rb6 Rxc5 44. Rxa6 Rc4 45. g3 Rxe4+ 46. Kf3
Re6+ 47. Kf2 Re2+ 48. Kf1 Rc2 49. Ra7+ Kh6 50. g4 Bf3 51. Ra4 0-1

[Event "8MCR_4D_1L_4S"]
[Site "?"]
[Date "2008.??.??"]
[Round "?"]
[White "Chvojka, Jaroslav"]
[Black "Ertlova, Natalie"]
[Result "0-1"]
[WhiteElo "2231"]
[BlackElo "1600"]
[PlyCount "94"]
[EventDate "2008.??.??"]
[EventType "corr"]

1. d4 d5 2. c4 c6 3. Nf3 Nf6 4. Nc3 e6 5. e3 Nbd7 6. Bd3 dxc4 7. Bxc4 b5 8. Bd3
a6 9. e4 c5 10. e5 cxd4 11. Ne2 Ng4 12. Be4 Ra7 13. O-O Ndxe5 14. Nxe5 Nxe5 15.
Bf4 Ng6 16. Bb8 Rd7 17. Bc6 Qb6 18. Bxd7+ Bxd7 19. Bf4 e5 20. Bd2 Be7 21. Rc1
O-O 22. a3 Be6 23. Re1 f5 24. Ng3 e4 25. Qc2 Rc8 26. Qd1 Rxc1 27. Bxc1 Ne5 28.
b4 Nd3 29. Rf1 g6 30. Bh6 Bc4 31. Qa1 Qd8 32. Rd1 Bf6 33. Qb1 Qe7 34. Rxd3 Bxd3
35. Qc1 Bc4 36. h3 Kf7 37. Bd2 h5 38. Nf1 h4 39. Nh2 g5 40. Qe1 f4 41. Bc1 e3
42. Ng4 Bg7 43. fxe3 dxe3 44. Kh1 Qe4 45. Bxe3 fxe3 46. Qxe3 Qxe3 47. Nxe3 Bb3
0-1

[Event "8MCR_4D_1L_4S"]
[Site "?"]
[Date "2008.??.??"]
[Round "?"]
[White "Chvojka, Jaroslav"]
[Black "Kosek, Lubomir"]
[Result "1-0"]
[WhiteElo "2231"]
[BlackElo "2062"]
[PlyCount "99"]
[EventDate "2008.??.??"]
[EventType "corr"]

1. d4 Nf6 2. Bg5 g6 3. Nc3 Bg7 4. e4 d6 5. Nf3 O-O 6. e5 Ne8 7. Bc4 c6 8. O-O
Bg4 9. Re1 d5 10. Be2 Nd7 11. Bf4 f6 12. exf6 Ndxf6 13. Ne5 Bf5 14. Na4 Nd6 15.
f3 Nd7 16. Qd2 Nxe5 17. Bxe5 Bxe5 18. dxe5 Ne8 19. Rad1 b5 20. Nc5 Qb6 21. b4
a5 22. a3 Ng7 23. Kh1 axb4 24. axb4 Ra2 25. Rc1 Qa7 26. g4 Bc8 27. f4 Qa3 28.
Rg1 Qb2 29. Bd3 e6 30. Rgf1 Qa3 31. Qe1 Qa7 32. c3 Qe7 33. Qg3 Ra7 34. Ra1 Rf7
35. Kg1 Qf8 36. Rxa7 Rxa7 37. Qh4 Ne8 38. Kg2 Nc7 39. Kh1 Ne8 40. f5 exf5 41.
gxf5 gxf5 42. e6 Qf6 43. Qf2 Ng7 44. Qg3 Qd8 45. Bxf5 d4 46. Bc2 Qd5+ 47. Be4
Qd8 48. Qh3 h5 49. Qg3 Bxe6 50. Qg6 1-0

[Event "8MCR_4D_1L_4S"]
[Site "?"]
[Date "2008.??.??"]
[Round "?"]
[White "Chvojka, Jaroslav"]
[Black "Kyhos, Alois"]
[Result "0-1"]
[WhiteElo "2231"]
[BlackElo "2121"]
[PlyCount "72"]
[EventDate "2008.??.??"]
[EventType "corr"]

1. d4 Nf6 2. Bg5 Ne4 3. Bf4 c5 4. Nd2 Nxd2 5. Qxd2 cxd4 6. e3 dxe3 7. Qxe3 Qa5+
8. c3 Nc6 9. Nf3 d5 10. a4 f6 11. Bb5 a6 12. Bxc6+ bxc6 13. O-O Kf7 14. Rfe1
Qd8 15. Nd4 Qd7 16. Qf3 Qg4 17. Qe3 c5 18. Nf3 Bb7 19. Bg3 Qc8 20. Nd2 h5 21.
f4 h4 22. Bf2 h3 23. g3 e6 24. b3 Qc6 25. Qf3 Rd8 26. Rac1 Qd7 27. Qd3 Be7 28.
g4 Bd6 29. Bg3 c4 30. Qe3 Ba3 31. Rcd1 Qc8 32. Nf3 d4 33. Nxd4 cxb3 34. Rb1 b2
35. Re2 Rxd4 36. cxd4 Qc1+ 0-1

[Event "8MCR_4D_1L_4S"]
[Site "?"]
[Date "2008.??.??"]
[Round "?"]
[White "Chvojka, Jaroslav"]
[Black "Mudra, Oldrich"]
[Result "0-1"]
[WhiteElo "2231"]
[BlackElo "2116"]
[PlyCount "98"]
[EventDate "2008.??.??"]
[EventType "corr"]

1. d4 Nf6 2. Bg5 Ne4 3. Bf4 d5 4. e3 Bf5 5. Bd3 e6 6. Ne2 Nc6 7. f3 Nd6 8. O-O
Be7 9. Bxd6 Bxd6 10. e4 Bg6 11. e5 Be7 12. c3 Nb8 13. f4 c5 14. f5 exf5 15.
Bxf5 Bxf5 16. Rxf5 Nc6 17. Nd2 Qd7 18. Qc2 cxd4 19. Nxd4 g6 20. Rff1 Nxe5 21.
Rae1 Nc6 22. N2b3 O-O 23. Qd2 Rad8 24. Kh1 Rfe8 25. Nf3 Bf8 26. Qd3 a6 27. Qd2
Re4 28. Qd3 Rde8 29. Rxe4 Rxe4 30. Qd1 Qd6 31. g3 Ne5 32. Nbd4 Nc4 33. Ng5 Re7
34. Rf2 Bg7 35. Ngf3 Re3 36. Qf1 h6 37. Kg1 Qc5 38. Qc1 Qe7 39. Nc2 Re2 40. a3
Qe6 41. Rf1 Qe4 42. Rf2 b5 43. h4 Bf8 44. b4 Rxf2 45. Kxf2 Bd6 46. Ncd4 Kg7 47.
Ne2 Bc7 48. Ned4 Bb6 49. Qe1 Nxa3 0-1